[Event "Titled Tuesday intern op 06th Feb Early"]
[Site "Chess.com INT"]
[Date "2024.02.06"]
[Round "4"]
[White "Luxama, Jacques Muller"]
[Black "Piddubna, Bozhena"]
[Result "1-0"]
[WhiteElo "1933"]
[BlackElo "2035"]
[PlyCount "111"]
[EventDate "2024.02.06"]
[EventType "swiss (blitz)"]
[EventRounds "11"]
[EventCountry "USA"]
[SourceTitle "CB07_2024"]
[SourceDate "2024.02.14"]
[SourceVersion "1"]
[SourceVersionDate "2024.02.14"]
[SourceQuality "1"]

1. e4 e5 2. Nf3 Nc6 3. Bc4 Nf6 4. d3 h6 5. 0-0 d6 6. a4 Be6 7. Nc3 g5 8. Be3 d5 9. exd5 Nxd5 10. Bb5 Bd6 11. Re1 Qf6 12. Ne4 Qe7 13. c4 Nxe3 14. Rxe3 0-0-0 15. Bxc6 bxc6 16. a5 f5 17. Nc3 Bc5 18. Rxe5 Qd6 19. Qe2 Rhe8 20. Re1 Bf7 21. Na4 Bd4 22. Nxd4 Qxd4 23. Nc5 Rxe5 24. Qxe5 Qxe5 25. Rxe5 Re8 26. Rxe8+ Bxe8 27. Kf1 Kd8 28. b4 Ke7 29. Ke2 Kd6 30. Ke3 Bg6 31. f4 Bf7 32. g3 Bg8 33. Nb7+ Kd7 34. Kd4 g4 35. Ke5 h5 36. Kf6 c5 37. Nxc5+ Kc6 38. Kxf5 a6 39. Nxa6 Kb7 40. Nc5+ Kc6 41. a6 Kb6 42. Kg6 c6 43. f5 h4 44. gxh4 g3 45. hxg3 Ka7 46. f6 Kb6 47. f7 Bxf7+ 48. Kxf7 Ka7 49. h5 Kb6 50. h6 Ka7 51. h7 Kb6 52. h8Q Ka7 53. Qd4 Kb8 54. Qd8+ Ka7 55. Qc7+ Ka8 56. Qb7# 1-0

[Event "Titled Tuesday intern op 12th Dec Early"]
[Site "Chess.com INT"]
[Date "2023.12.12"]
[Round "2"]
[White "Bogaudinov, Rushan"]
[Black "Luxama, Jacques Muller"]
[Result "0-1"]
[WhiteElo "1853"]
[BlackElo "1933"]
[PlyCount "84"]
[EventDate "2023.12.12"]
[EventType "swiss (blitz)"]
[EventRounds "11"]
[EventCountry "USA"]
[SourceTitle "CB51_2023"]
[SourceDate "2023.12.20"]
[SourceVersion "1"]
[SourceVersionDate "2023.12.20"]
[SourceQuality "1"]

1. e4 c5 2. Nf3 d6 3. d4 cxd4 4. Nxd4 Nf6 5. Nc3 Nc6 6. Nxc6 bxc6 7. Be2 e5 8. 0-0 h6 9. f4 exf4 10. Bxf4 Be7 11. Kh1 0-0 12. Qd2 Qb6 13. b3 Be6 14. Bf3 Rad8 15. Rad1 Ng4 16. Na4 Qc7 17. c4 Ne5 18. Be2 d5 19. cxd5 cxd5 20. Qb2 Bf6 21. Rc1 Qb8 22. Bxh6 Nf3 23. e5 Bxe5 24. Qb1 Nxh2 25. Bg5 Nxf1 26. Rxf1 f6 27. Be3 d4 28. Bd2 Kf7 29. Bh5+ Ke7 30. Rf3 Rh8 31. Qg6 Rdg8 32. Kg1 d3 33. Be3 d2 34. Bxd2 Bd4+ 35. Kf1 Qb5+ 36. Rd3 Bf5 37. Qg3 Bxd3+ 38. Ke1 Rxh5 39. a3 Re5+ 40. Kd1 Be2+ 41. Kc1 Qc6+ 42. Kb1 Qe4+ 0-1

[Event "Titled Tuesday intern op 26th Sep Early"]
[Site "Chess.com INT"]
[Date "2023.09.26"]
[Round "3"]
[White "Luxama, Jacques Muller"]
[Black "Asish, Panda"]
[Result "0-1"]
[WhiteElo "1933"]
[BlackElo "1731"]
[PlyCount "86"]
[EventDate "2023.09.26"]
[EventType "swiss (blitz)"]
[EventRounds "11"]
[EventCountry "USA"]
[SourceTitle "EXT 2024"]
[Source "ChessBase"]
[SourceDate "2023.10.10"]
[SourceVersion "1"]
[SourceVersionDate "2023.10.10"]
[SourceQuality "1"]

1. e4 e6 2. d4 d5 3. Nc3 Nf6 4. e5 Nfd7 5. f4 c5 6. Nf3 Nc6 7. Be3 Be7 8. Qd2 a6 9. dxc5 Bxc5 10. Bxc5 Nxc5 11. Qf2 Qb6 12. 0-0-0 Qa5 13. Kb1 0-0 14. h4 Bd7 15. h5 Rfc8 16. h6 g6 17. Qh4 Qd8 18. Qxd8+ Rxd8 19. Bd3 b5 20. Ne2 b4 21. Ned4 Nxd4 22. Nxd4 a5 23. g4 Kf8 24. Rhf1 Rac8 25. f5 Nxd3 26. cxd3 exf5 27. gxf5 Bxf5 28. Nxf5 gxf5 29. Rxf5 Re8 30. Rdf1 Rc7 31. e6 Rxe6 32. Rxd5 Rxh6 33. Rxa5 Rd6 34. Rb5 Rd4 35. Rh1 f6 36. Rbh5 Kg8 37. Rg1+ Rg7 38. Rf1 Rxd3 39. Rxf6 Rd2 40. Rc6 Rgg2 41. Rc8+ Kg7 42. Rc7+ Kg6 43. Rhxh7 Rd1+ 0-1

[Event "Titled Tuesday intern op 26th Sep Late"]
[Site "Chess.com INT"]
[Date "2023.09.26"]
[Round "5"]
[White "Luxama, Jacques Muller"]
[Black "Erzhanov, Arman"]
[Result "1-0"]
[WhiteElo "1933"]
[BlackElo "2175"]
[PlyCount "93"]
[EventDate "2023.09.26"]
[EventType "swiss (blitz)"]
[EventRounds "11"]
[EventCountry "USA"]
[SourceTitle "EXT 2024"]
[Source "ChessBase"]
[SourceDate "2023.10.10"]
[SourceVersion "1"]
[SourceVersionDate "2023.10.10"]
[SourceQuality "1"]

1. e4 c5 2. Nf3 Nc6 3. d4 cxd4 4. Nxd4 Nf6 5. Nc3 e5 6. Ndb5 d6 7. Bg5 a6 8. Na3 b5 9. Nd5 Be7 10. Bxf6 Bxf6 11. c3 Bb7 12. Nc2 Ne7 13. Nce3 Bg5 14. a4 Bxe3 15. Nxe3 Bxe4 16. axb5 axb5 17. Bxb5+ Kf8 18. 0-0 Rb8 19. c4 g6 20. Ra6 Rb6 21. Ng4 Kg7 22. Qd2 h5 23. Rxb6 Qxb6 24. Ne3 Rd8 25. Ba4 Rb8 26. b3 Qc5 27. Rd1 Rb6 28. h3 Nf5 29. Nxf5+ Bxf5 30. Kh2 Be6 31. f4 e4 32. Re1 f5 33. Qc3+ Kf7 34. Qh8 Qf2 35. Qe8+ Kf6 36. Qf8+ Bf7 37. Be8 Rb7 38. Qxd6+ Kg7 39. Qe5+ Kg8 40. Bxf7+ Rxf7 41. Rd1 Kh7 42. Rd8 Rg7 43. Qb8 g5 44. Rh8+ Kg6 45. Qd6+ Kf7 46. Qd7+ Kg6 47. Qe6# 1-0

[Event "Titled Tuesday intern op 12th Sep Early"]
[Site "Chess.com INT"]
[Date "2023.09.12"]
[Round "1"]
[White "Luxama, Jacques Muller"]
[Black "Martin Fuentes, Alberto"]
[Result "1-0"]
[WhiteElo "1933"]
[BlackElo "2376"]
[PlyCount "149"]
[EventDate "2023.09.12"]
[EventType "swiss (blitz)"]
[EventRounds "11"]
[EventCountry "USA"]
[SourceTitle "EXT 2024"]
[Source "ChessBase"]
[SourceDate "2023.10.10"]
[SourceVersion "1"]
[SourceVersionDate "2023.10.10"]
[SourceQuality "1"]

1. e4 e6 2. d4 d5 3. Nc3 Bb4 4. exd5 exd5 5. Nf3 Nc6 6. Bb5 Nge7 7. 0-0 0-0 8. h3 Bf5 9. Ne2 Bd6 10. c3 h6 11. Bd3 Qd7 12. Bf4 Rae8 13. Qd2 Na5 14. b3 Nac6 15. Rfe1 Nd8 16. Ne5 Bxe5 17. Bxe5 f6 18. Bf4 Ne6 19. Ng3 Nxf4 20. Bxf5 Nxf5 21. Qxf4 Nd6 22. Qf3 c6 23. Kf1 a5 24. Rxe8 Rxe8 25. Re1 Rxe1+ 26. Kxe1 a4 27. Nh5 Qe6+ 28. Kd1 axb3 29. axb3 Ne4 30. Kc2 Qe7 31. Qf5 Qa3 32. Qc8+ Kh7 33. Qf5+ Kg8 34. Qc8+ Kf7 35. Qd7+ Kf8 36. Qd8+ Kf7 37. Qd7+ Qe7 38. Qxe7+ Kxe7 39. f3 Ng3 40. Nxg3 Ke6 41. Kd3 g6 42. f4 Kd6 43. f5 g5 44. Nh5 Ke7 45. g4 b6 46. Kc2 Kf7 47. Kb2 Ke7 48. Ka3 Kf7 49. Kb4 Ke7 50. c4 dxc4 51. bxc4 Kf7 52. d5 cxd5 53. cxd5 Ke7 54. Kb5 Kd6 55. Nxf6 Ke5 56. Nd7+ Kxd5 57. Nxb6+ Ke5 58. Nc4+ Kf6 59. Kc5 h5 60. Kd5 hxg4 61. hxg4 Kg7 62. Ke5 Kf7 63. Ne3 Kg7 64. Nd1 Kh6 65. Nf2 Kg7 66. Ne4 Kf7 67. Nxg5+ Kg7 68. Ne4 Kh6 69. g5+ Kh7 70. g6+ Kh8 71. Ke6 Kg8 72. f6 Kh8 73. Ke7 Kg8 74. f7+ Kh8 75. f8Q# 1-0

[Event "Titled Tuesday intern op 12th Sep Early"]
[Site "Chess.com INT"]
[Date "2023.09.12"]
[Round "9"]
[White "Luxama, Jacques Muller"]
[Black "Seletsky, Grigory"]
[Result "1-0"]
[WhiteElo "1933"]
[BlackElo "2220"]
[PlyCount "151"]
[EventDate "2023.09.12"]
[EventType "swiss (blitz)"]
[EventRounds "11"]
[EventCountry "USA"]
[SourceTitle "EXT 2024"]
[Source "ChessBase"]
[SourceDate "2023.10.10"]
[SourceVersion "1"]
[SourceVersionDate "2023.10.10"]
[SourceQuality "1"]

1. e4 c6 2. d4 d5 3. exd5 cxd5 4. c4 Nf6 5. Nc3 e6 6. Nf3 Nc6 7. Bd3 Be7 8. 0-0 0-0 9. a3 b6 10. Re1 Bb7 11. Bg5 dxc4 12. Bxc4 Na5 13. Ba2 Rc8 14. Qd3 Bxf3 15. gxf3 Nd5 16. Bd2 Nxc3 17. bxc3 Bf6 18. Rad1 Qc7 19. Bb1 g6 20. Kg2 Rfd8 21. h4 Nc4 22. Bc1 Nd6 23. Bd2 Qc4 24. Qe3 Qd5 25. Be4 Nc4 26. Qf4 Qd6 27. Qxf6 Nxd2 28. Rxd2 Rxc3 29. d5 e5 30. Qxd6 Rxd6 31. Re3 Rc5 32. Rdd3 f5 33. Rc3 fxe4 34. fxe4 Rd7 35. Rxc5 bxc5 36. Rc3 Rc7 37. Kf3 Kf7 38. Ke3 Ke7 39. Kd3 Kd6 40. Kc4 Rf7 41. f3 Rb7 42. Rb3 Rxb3 43. Kxb3 h5 44. Ka4 Ke7 45. Kb5 g5 46. hxg5 h4 47. Kc6 h3 48. Kc7 h2 49. d6+ Kf7 50. d7 h1Q 51. d8Q Qxf3 52. Qd5+ Kg6 53. Qxe5 Qxa3 54. Kd6 Qa5 55. Qf6+ Kh7 56. Qh6+ Kg8 57. g6 Qb6+ 58. Kd5 Qc7 59. Qh7+ Qxh7 60. gxh7+ Kxh7 61. e5 Kg8 62. Kd6 c4 63. e6 c3 64. e7 Kf7 65. Kd7 c2 66. e8Q+ Kf6 67. Qe1 Kf5 68. Qc1 Ke4 69. Qxc2+ Kd4 70. Qa4+ Kd5 71. Qxa7 Kc4 72. Qc7+ Kb5 73. Kd6 Ka6 74. Qb8 Ka5 75. Kc5 Ka4 76. Qb4# 1-0

[Event "Titled Tuesday intern op 12th Sep Late"]
[Site "Chess.com INT"]
[Date "2023.09.12"]
[Round "2"]
[White "Luxama, Jacques Muller"]
[Black "Yuan, Qingyu"]
[Result "0-1"]
[WhiteElo "1933"]
[BlackElo "2380"]
[PlyCount "86"]
[EventDate "2023.09.12"]
[EventType "swiss (blitz)"]
[EventRounds "11"]
[EventCountry "USA"]
[SourceTitle "EXT 2024"]
[Source "ChessBase"]
[SourceDate "2023.10.10"]
[SourceVersion "1"]
[SourceVersionDate "2023.10.10"]
[SourceQuality "1"]

1. e4 e5 2. Nf3 Nc6 3. Bc4 Bc5 4. d3 Nf6 5. 0-0 0-0 6. c3 d5 7. exd5 Nxd5 8. h3 Bf5 9. Re1 Nb6 10. Bb5 Ne7 11. Nxe5 c6 12. Ba4 Nxa4 13. Qxa4 Bxd3 14. Nxd3 Qxd3 15. Nd2 Rae8 16. Nf3 Nd5 17. Rxe8 Rxe8 18. Bg5 h6 19. Bh4 Re2 20. Qb3 Bb6 21. c4 Qxb3 22. axb3 Nb4 23. Re1 Rxb2 24. Re8+ Kh7 25. Re7 Nd3 26. Rxf7 Nxf2 27. Kh2 Ne4 28. Rxb7 Rxb3 29. Ne5 Bg1+ 30. Kxg1 Rxb7 31. Nxc6 Rc7 32. Na5 Rc5 33. Be1 Rf5 34. Bb4 a6 35. Nb7 Rf7 36. Na5 Rf5 37. Nb7 Rf7 38. Na5 g5 39. Nb7 Rxb7 40. Be1 Rb1 41. Kf1 Nd2+ 42. Ke2 Nxc4 43. Bc3 Rb8 0-1

[Event "Titled Tuesday intern op 15th Aug Early"]
[Site "Chess.com INT"]
[Date "2023.08.15"]
[Round "1"]
[White "Ismayil, Malak"]
[Black "Luxama, Jacques Muller"]
[Result "1-0"]
[WhiteElo "2148"]
[BlackElo "1933"]
[PlyCount "81"]
[EventDate "2023.08.15"]
[EventType "swiss (blitz)"]
[EventRounds "11"]
[EventCountry "USA"]
[SourceTitle "EXT 2024"]
[Source "ChessBase"]
[SourceDate "2023.10.10"]
[SourceVersion "1"]
[SourceVersionDate "2023.10.10"]
[SourceQuality "1"]

1. e4 e6 2. d4 d5 3. Nd2 dxe4 4. Nxe4 Nd7 5. Nf3 Ngf6 6. Bg5 Be7 7. Nxf6+ Bxf6 8. Bxf6 Nxf6 9. Bd3 0-0 10. 0-0 b6 11. Qe2 Bb7 12. c3 Rc8 13. Rad1 Qe7 14. h3 h6 15. Rfe1 c5 16. Bb1 cxd4 17. Nxd4 Rfd8 18. Qe3 Nd5 19. Qd3 Nf6 20. Qg3 Rc5 21. b4 Rg5 22. Qf4 Rxg2+ 23. Kf1 Rg5 24. Nf3 Ba6+ 25. c4 Rc8 26. b5 Bb7 27. Nxg5 hxg5 28. Qd4 Qa3 29. Rd3 Qb4 30. a3 Qf8 31. Rg3 Rd8 32. Qe5 Nd7 33. Qxg5 Rc8 34. Qh5 Nf6 35. Qh4 Qe7 36. Kg1 Kf8 37. Qh8+ Ng8 38. Qxg7+ Ke8 39. Qxg8+ Kd7 40. Rd1+ Kc7 41. Qg5 1-0

[Event "Titled Tuesday intern op 15th Aug Early"]
[Site "Chess.com INT"]
[Date "2023.08.15"]
[Round "3"]
[White "Luxama, Jacques Muller"]
[Black "Namitbir, Singh Walia"]
[Result "0-1"]
[WhiteElo "1933"]
[BlackElo "2364"]
[PlyCount "100"]
[EventDate "2023.08.15"]
[EventType "swiss (blitz)"]
[EventRounds "11"]
[EventCountry "USA"]
[SourceTitle "EXT 2024"]
[Source "ChessBase"]
[SourceDate "2023.10.10"]
[SourceVersion "1"]
[SourceVersionDate "2023.10.10"]
[SourceQuality "1"]

1. e4 c5 2. Nf3 Nc6 3. c3 d5 4. exd5 Qxd5 5. d4 Nf6 6. Na3 e6 7. Nb5 Qd8 8. Bf4 Nd5 9. Bg3 a6 10. c4 axb5 11. cxd5 Qxd5 12. Bxb5 cxd4 13. Nxd4 Bb4+ 14. Kf1 0-0 15. Bxc6 bxc6 16. Nc2 Qb5+ 17. Kg1 Be7 18. b3 Bf6 19. Rb1 Rd8 20. Qc1 Rxa2 21. h4 Qh5 22. Kh2 e5 23. Re1 Bxh4 24. Bxh4 Qxh4+ 25. Kg1 Bf5 26. Re2 Bg4 27. f3 Bf5 28. Ra1 Rxa1 29. Nxa1 Qd4+ 30. Kh2 c5 31. Nc2 Qd6 32. Ne3 Bd3 33. Rd2 e4+ 34. Kg1 exf3 35. gxf3 Qd4 36. Rf2 h6 37. Ng4 Bf5 38. Ne3 Be6 39. Nc4 Ra8 40. Kg2 Ra1 41. Qd2 Qh4 42. Qd8+ Qxd8 43. Rd2 Qg5+ 44. Kf2 Qg1+ 45. Ke2 Qf1+ 46. Ke3 Re1+ 47. Kf4 Bxc4 48. Rd8+ Kh7 49. bxc4 g5+ 50. Kf5 Qxf3# 0-1

[Event "Titled Tuesday intern op 08th Aug Early"]
[Site "Chess.com INT"]
[Date "2023.08.08"]
[Round "8"]
[White "Harriott, Tyrell"]
[Black "Luxama, Jacques Muller"]
[Result "1-0"]
[WhiteElo "1778"]
[BlackElo "1933"]
[PlyCount "119"]
[EventDate "2023.08.08"]
[EventType "swiss (blitz)"]
[EventRounds "11"]
[EventCountry "USA"]
[SourceTitle "EXT 2024"]
[Source "ChessBase"]
[SourceDate "2023.10.10"]
[SourceVersion "1"]
[SourceVersionDate "2023.10.10"]
[SourceQuality "1"]

1. d4 Nf6 2. e3 c5 3. c3 Qb6 4. f4 Nc6 5. Bd3 d6 6. Ne2 e5 7. dxe5 dxe5 8. 0-0 Be7 9. f5 0-0 10. Bc2 Rd8 11. Qe1 c4 12. Kh1 Qc5 13. e4 b5 14. a3 Bb7 15. Ng3 Qb6 16. Nd2 a5 17. Nf3 b4 18. Ba4 Re8 19. Be3 Bc5 20. Bg5 Ng4 21. h3 Nf2+ 22. Kh2 Nd3 23. Qe2 f6 24. Nh5 fxg5 25. Nxg5 Be3 26. Ne6 Rxe6 27. fxe6 Nf4 28. Rxf4 Bxf4+ 29. g3 Bg5 30. Qg4 Qd8 31. h4 Qd2+ 32. Kh3 Bh6 33. Rf1 Ne7 34. Nf6+ Kh8 35. Nd7 Qe3 36. Nxe5 Ng6 37. Nf7+ Kg8 38. Nxh6+ gxh6 39. h5 Bxe4 40. hxg6 Bxg6 41. Rf7 Qe1 42. Qf3 Rd8 43. Bc6 Rd3 44. Qf4 Rxg3+ 45. Qxg3 Qxg3+ 46. Kxg3 Bxf7 47. exf7+ Kxf7 48. cxb4 axb4 49. axb4 Ke7 50. Be4 Kd6 51. Bxh7 Ke5 52. Bg8 Kd4 53. Kg4 c3 54. bxc3+ Kxc3 55. b5 Kb4 56. b6 Kc5 57. b7 Kd4 58. b8Q Kc3 59. Qc7+ Kd2 60. Qh7 1-0

[Event "Titled Tuesday intern op 08th Aug Early"]
[Site "Chess.com INT"]
[Date "2023.08.08"]
[Round "7"]
[White "Luxama, Jacques Muller"]
[Black "Davidson, Kevin"]
[Result "1-0"]
[WhiteElo "1933"]
[BlackElo "2154"]
[PlyCount "75"]
[EventDate "2023.08.08"]
[EventType "swiss (blitz)"]
[EventRounds "11"]
[EventCountry "USA"]
[SourceTitle "EXT 2024"]
[Source "ChessBase"]
[SourceDate "2023.10.10"]
[SourceVersion "1"]
[SourceVersionDate "2023.10.10"]
[SourceQuality "1"]

1. e4 c5 2. Nf3 d6 3. Bb5+ Nd7 4. 0-0 a6 5. Bxd7+ Bxd7 6. d4 cxd4 7. Qxd4 Nf6 8. c4 g6 9. Nc3 Bg7 10. Be3 0-0 11. Qd2 Bc6 12. Qd3 b5 13. cxb5 axb5 14. a3 Qb8 15. Bd4 e5 16. Be3 b4 17. axb4 Qxb4 18. Rxa8 Rxa8 19. Nd2 Rd8 20. Nc4 Ng4 21. Bb6 Rd7 22. h3 Nf6 23. Ra1 d5 24. exd5 Nxd5 25. Nxd5 Rxd5 26. Qc3 Rb5 27. Be3 Bd5 28. Qxb4 Rxb4 29. Nb6 Bc6 30. Rc1 Bb7 31. Rc7 Ba6 32. Ra7 Bd3 33. Ra8+ Bf8 34. Rxf8+ Kxf8 35. Bc5+ Kg7 36. Bxb4 f5 37. Bc3 Kf6 38. f4 1-0

[Event "Titled Tuesday intern op 01st Aug Early"]
[Site "Chess.com INT"]
[Date "2023.08.01"]
[Round "1"]
[White "Luxama, Jacques Muller"]
[Black "Al Tarbosh, Ward"]
[Result "0-1"]
[WhiteElo "1933"]
[BlackElo "2280"]
[PlyCount "84"]
[EventDate "2023.08.01"]
[EventType "swiss (blitz)"]
[EventRounds "11"]
[EventCountry "USA"]
[SourceTitle "EXT 2024"]
[Source "ChessBase"]
[SourceDate "2023.10.10"]
[SourceVersion "1"]
[SourceVersionDate "2023.10.10"]
[SourceQuality "1"]

1. e4 c5 2. Nf3 e6 3. d4 cxd4 4. Nxd4 a6 5. Nc3 Qc7 6. a3 Ne7 7. Bd3 Nbc6 8. Nb3 Ng6 9. 0-0 Bd6 10. h3 h5 11. Ne2 b5 12. f4 Bb7 13. Be3 0-0-0 14. Qe1 f5 15. Qf2 Rdf8 16. e5 Be7 17. Bb6 Qb8 18. Bc5 Bxc5 19. Qxc5 Nge7 20. c4 g5 21. cxb5 axb5 22. Bxb5 gxf4 23. Rac1 Rhg8 24. Nxf4 Kd8 25. Rfd1 Ke8 26. Qd6 Qa7+ 27. Kh2 Bc8 28. Nc5 Qb6 29. a4 Kf7 30. Nxd7 Bxd7 31. Qxd7 Nxe5 32. Qd6 Qxd6 33. Rxd6 Rc8 34. Re1 N7g6 35. Nxg6 Nxg6 36. Rexe6 Nf4 37. Rf6+ Ke7 38. Bf1 Rc1 39. Kg1 Nxh3+ 40. Kh2 Nf4 41. Kg1 Rxg2+ 42. Kh1 Rxf1# 0-1

[Event "Titled Tuesday intern op 01st Aug Early"]
[Site "Chess.com INT"]
[Date "2023.08.01"]
[Round "4"]
[White "Luxama, Jacques Muller"]
[Black "Miszler, Levente"]
[Result "1-0"]
[WhiteElo "1933"]
[BlackElo "2315"]
[PlyCount "71"]
[EventDate "2023.08.01"]
[EventType "swiss (blitz)"]
[EventRounds "11"]
[EventCountry "USA"]
[SourceTitle "EXT 2024"]
[Source "ChessBase"]
[SourceDate "2023.10.10"]
[SourceVersion "1"]
[SourceVersionDate "2023.10.10"]
[SourceQuality "1"]

1. e4 c5 2. Nf3 d6 3. Bb5+ Bd7 4. Bxd7+ Nxd7 5. 0-0 g6 6. c3 Bg7 7. d4 cxd4 8. cxd4 e6 9. Nc3 Ne7 10. Bf4 Nf6 11. Qa4+ Qd7 12. Qb4 Rd8 13. e5 Nfd5 14. Nxd5 Nxd5 15. Qd2 Nxf4 16. Qxf4 0-0 17. Rac1 dxe5 18. dxe5 Qd5 19. b3 Qa5 20. Rc2 Rd5 21. Re1 Rfd8 22. h4 Rd1 23. Rxd1 Rxd1+ 24. Kh2 h6 25. Rc8+ Rd8 26. Rc2 Bf8 27. g3 Qd5 28. Rc7 Rd7 29. Rc8 Kg7 30. Qf6+ Kg8 31. h5 gxh5 32. Qxh6 Rd8 33. Qg5+ Kh7 34. Rxd8 Qxf3 35. Qf6 Qg4 36. Rxf8 1-0

[Event "Titled Tuesday intern op 25th Jul Early"]
[Site "Chess.com INT"]
[Date "2023.07.25"]
[Round "5"]
[White "Luxama, Jacques Muller"]
[Black "Xu, Yi"]
[Result "1/2-1/2"]
[WhiteElo "1933"]
[BlackElo "2494"]
[PlyCount "88"]
[EventDate "2023.07.25"]
[EventType "swiss (blitz)"]
[EventRounds "11"]
[EventCountry "USA"]
[SourceTitle "EXT 2024"]
[Source "ChessBase"]
[SourceDate "2023.10.10"]
[SourceVersion "1"]
[SourceVersionDate "2023.10.10"]
[SourceQuality "1"]

1. e4 c6 2. d4 d5 3. Nc3 dxe4 4. Nxe4 Bf5 5. Ng3 Bg6 6. Nf3 Nd7 7. h4 h6 8. h5 Bh7 9. Bd3 Bxd3 10. Qxd3 e6 11. Bd2 Ngf6 12. 0-0-0 Bd6 13. Ne4 Nxe4 14. Qxe4 Nf6 15. Qe2 Qc7 16. Kb1 0-0-0 17. c4 c5 18. Bc3 cxd4 19. Nxd4 a6 20. g4 Rhe8 21. b4 Bf4 22. Nb3 Kb8 23. Kb2 e5 24. b5 axb5 25. cxb5 Nd5 26. Ba5 b6 27. Be1 Bg5 28. Qe4 Nf4 29. Bc3 Bf6 30. a4 Qb7 31. Rxd8+ Rxd8 32. Bxe5+ Bxe5+ 33. Qxe5+ Ka7 34. Qxf4 Qxh1 35. Nd4 Rc8 36. Nc6+ Rxc6 37. bxc6 Qxc6 38. Qxf7+ Ka6 39. Qxg7 Qxa4 40. g5 Qb4+ 41. Kc2 Qc4+ 42. Kb2 Qb4+ 43. Kc2 Qc4+ 44. Kb2 Qb4+ 1/2-1/2